[Event "ZMD Open"]
[Site "Dresden"]
[Date "????.??.??"]
[Round "?"]
[White "Wolf, A."]
[Black "Scholz, R."]
[Result "1/2-1/2"]
[WhiteElo "1988"]
[BlackElo "1879"]
[PlyCount "29"]
[EventDate "2013.??.??"]

1. d4 Nf6 2. c4 e6 3. Nf3 Bb4+ 4. Bd2 a5 5. a3 Bxd2+ 6. Qxd2 b6 7. Nc3 Bb7 8.
Qc2 d5 9. e3 O-O 10. Be2 Nbd7 11. cxd5 Nxd5 12. Nxd5 Bxd5 13. Rc1 c5 14. O-O
Qe7 15. e4 1/2-1/2

[Event "ZMD Open"]
[Site "Dresden"]
[Date "????.??.??"]
[Round "?"]
[White "Herbrig, A."]
[Black "Glasewald, S."]
[Result "0-1"]
[WhiteElo "1766"]
[BlackElo "2075"]
[PlyCount "114"]
[EventDate "2013.??.??"]

1. e4 c5 2. Nf3 e6 3. d4 cxd4 4. Nxd4 Nf6 5. Nc3 Nc6 6. Ndb5 a6 7. Nd6+ Bxd6 8.
Qxd6 Qe7 9. Qxe7+ Kxe7 10. Bg5 h6 11. Bh4 g5 12. Bg3 d6 13. O-O-O e5 14. h4 Be6
15. f3 b5 16. Bf2 Rhc8 17. a3 Na5 18. hxg5 hxg5 19. Bd3 Rg8 20. Nd5+ Bxd5 21.
exd5 Rac8 22. g4 Nc4 23. Bg1 Rb8 24. Bxc4 bxc4 25. Rh2 Rb5 26. Rhd2 Ne8 27. Be3
f6 28. Rh1 Rg7 29. a4 Rb4 30. Rdh2 Rxa4 31. Kb1 Ra5 32. Rd1 Rb5 33. Bg1 Nc7 34.
Rhd2 Rh7 35. b3 Rh3 36. Kc1 cxb3 37. c4 Rb4 38. Kb2 Rxc4 39. Rd3 Rb4 40. Rc1
Rb7 41. Rc6 Rg3 42. Bc5 Rg2+ 43. Kb1 Nb5 44. Bb4 b2 45. Rb3 Kd7 46. Rxa6 Ra7
47. Ra5 Rxa5 48. Bxa5 Nd4 49. Rb7+ Ke8 50. Rb6 Kf7 51. Rxd6 Nb5 52. Rd7+ Ke8
53. Rd8+ Ke7 54. d6+ Nxd6 55. Rb8 Nc4 56. Rb7+ Ke6 57. Ka2 Nxa5 0-1

[Event "ZMD Open"]
[Site "Dresden"]
[Date "????.??.??"]
[Round "?"]
[White "Weißpflog, J."]
[Black "Eilers, J."]
[Result "1-0"]
[WhiteElo "2037"]
[BlackElo "2009"]
[PlyCount "43"]
[EventDate "2013.??.??"]

1. d4 Nf6 2. c4 c5 3. d5 e6 4. Nc3 exd5 5. cxd5 d6 6. Nf3 g6 7. Bf4 Bg7 8. Qa4+
Bd7 9. Qb3 Qc7 10. e4 O-O 11. Nd2 Nh5 12. Be3 f5 13. exf5 gxf5 14. Be2 Be8 15.
O-O f4 16. Bxc5 Qxc5 17. Qxb7 Qb6 18. Qxa8 Bc6 19. dxc6 Nxc6 20. Nc4 Qc7 21.
Nd5 Qd7 22. Qxc6 1-0

[Event "ZMD Open"]
[Site "Dresden"]
[Date "????.??.??"]
[Round "?"]
[White "Hartmann, T."]
[Black "Nixdorf, A."]
[Result "1-0"]
[WhiteElo "2016"]
[BlackElo "1933"]
[PlyCount "141"]
[EventDate "2013.??.??"]

1. e4 c5 2. Nf3 d6 3. d4 cxd4 4. Nxd4 Nf6 5. Nc3 a6 6. f3 e5 7. Nb3 Be6 8. Be3
Nbd7 9. Bd3 Be7 10. Qe2 Qc7 11. Qf2 O-O 12. O-O Nc5 13. Rfd1 b5 14. Bf1 b4 15.
Nd5 Bxd5 16. exd5 a5 17. Nxc5 dxc5 18. c4 e4 19. fxe4 Bd6 20. Qf3 Bxh2+ 21. Kf2
Be5 22. Rd2 Ra6 23. Bg5 Re8 24. Bd3 Nd7 25. Ke2 Rg6 26. Bh4 Qd6 27. Rf1 Rf8 28.
Kd1 Nf6 29. Kc2 Qd7 30. Qf5 Qd6 31. Re2 a4 32. Kb1 Nd7 33. g4 Nf6 34. Rg2 Nd7
35. Be2 Bf6 36. g5 Qe5 37. Bh5 a3 38. Qxe5 Bxe5 39. Bxg6 hxg6 40. b3 Re8 41.
Re1 Kf8 42. Bg3 Bxg3 43. Rxg3 Re5 44. Kc2 Ke7 45. Kd3 Nf8 46. Ke3 f6 47. Kf4
Kf7 48. Rd1 Re8 49. Re3 Re5 50. Rg1 Nh7 51. gxf6 gxf6 52. Rh1 Nf8 53. Rd3 Kg7
54. Kf3 Rg5 55. d6 Nd7 56. Rhd1 Rh5 57. Rd5 Rh2 58. R1d2 Rxd2 59. Rxd2 Kf7 60.
Rd5 Ke6 61. Kf4 Kf7 62. e5 g5+ 63. Kf5 fxe5 64. Rxe5 Nxe5 65. Kxe5 g4 66. d7
Ke7 67. Kf4 g3 68. Kxg3 Kxd7 69. Kf4 Ke6 70. Ke4 Kd6 71. Kf5 1-0

[Event "ZMD Open"]
[Site "Dresden"]
[Date "????.??.??"]
[Round "?"]
[White "Osterloh, F."]
[Black "Nobis, A."]
[Result "1-0"]
[WhiteElo "1752"]
[BlackElo "1759"]
[PlyCount "85"]
[EventDate "2013.??.??"]

1. Nf3 Nf6 2. c4 g6 3. Nc3 Bg7 4. e4 d6 5. d4 O-O 6. Be2 e5 7. Be3 Nc6 8. d5
Ne7 9. c5 Nd7 10. cxd6 cxd6 11. Nd2 f5 12. f3 f4 13. Bf2 Nc5 14. Nc4 g5 15. Nb5
Rf6 16. Nbxd6 Rxd6 17. Bxc5 Rg6 18. Qb3 Kh8 19. h3 b6 20. Bf2 Bd7 21. Na3 Nc8
22. Bb5 Nd6 23. Bxd7 Qxd7 24. Ke2 h5 25. Rac1 Rc8 26. Rc2 Rxc2+ 27. Qxc2 Kh7
28. Rc1 Qb7 29. Qa4 g4 30. hxg4 hxg4 31. Rc6 g3 32. Be1 Bf8 33. Nb5 Nxb5 34.
Qxb5 Rxc6 35. dxc6 Qc7 36. Qd5 Bd6 37. a3 Kg7 38. Bb4 Bxb4 39. axb4 Kf6 40. b5
Ke7 41. Kd3 Qd6 42. Kc4 Qc7 43. Qd7+ 1-0

[Event "ZMD Open"]
[Site "Dresden"]
[Date "????.??.??"]
[Round "?"]
[White "Sauer, E."]
[Black "Pössel, C."]
[Result "1/2-1/2"]
[WhiteElo "1901"]
[BlackElo "1956"]
[PlyCount "132"]
[EventDate "2013.??.??"]

1. d4 Nf6 2. c4 g6 3. Nc3 Bg7 4. e4 O-O 5. Nf3 Na6 6. Be2 c5 7. e5 Ne8 8. d5 d6
9. exd6 exd6 10. O-O Nac7 11. Re1 a6 12. Qb3 Bg4 13. h3 Bxf3 14. Bxf3 b5 15.
cxb5 axb5 16. Nxb5 Rb8 17. a4 Nxb5 18. axb5 Qb6 19. Bd2 Qxb5 20. Qxb5 Rxb5 21.
Bc3 Bxc3 22. bxc3 Rb6 23. Ra7 Nf6 24. Kf1 h5 25. h4 Re8 26. Rxe8+ Nxe8 27. Ra8
Kf8 28. g4 hxg4 29. Bxg4 Ke7 30. Be2 Rb3 31. c4 Rh3 32. Ra7+ Kf6 33. h5 gxh5
34. Kg2 Rh4 35. Kg3 Re4 36. Bxh5 Re7 37. Rxe7 Kxe7 38. Kf4 Kf6 39. Bd1 Nc7 40.
Bc2 Na8 41. Bd1 Nb6 42. Bb3 Nd7 43. Ba4 Ne5 44. Bb5 Ng6+ 45. Ke4 Kg5 46. Be8
f5+ 47. Ke3 Nf4 48. Ba4 Ng2+ 49. Kf3 Nh4+ 50. Ke3 Ng6 51. Be8 Nf8 52. Ba4 Nh7
53. Bc2 f4+ 54. Kf3 Nf6 55. Bb1 Ng4 56. Ba2 Ne5+ 57. Ke4 Kg4 58. Bb3 Nf7 59.
Bd1+ Kg5 60. Bc2 Nh6 61. Bb3 Ng4 62. Kf3 Nf6 63. Bc2 Nh5 64. Bb1 Ng7 65. Ke4
Nf5 66. Bc2 Ne7 1/2-1/2

[Event "ZMD Open"]
[Site "Dresden"]
[Date "????.??.??"]
[Round "?"]
[White "Dümmke, J."]
[Black "Bui, H."]
[Result "1-0"]
[WhiteElo "2028"]
[BlackElo "1632"]
[PlyCount "115"]
[EventDate "2013.??.??"]

1. e4 c5 2. Nf3 d6 3. d4 cxd4 4. Qxd4 a6 5. Bg5 Nc6 6. Qd2 Nf6 7. Nc3 Bg4 8.
Nd4 Qa5 9. Nb3 Qc7 10. h3 Be6 11. Be2 Nd7 12. O-O h6 13. Be3 g5 14. Nd4 Nxd4
15. Bxd4 Rg8 16. Nd5 Bxd5 17. exd5 Bg7 18. Bg4 Ne5 19. Bxe5 Bxe5 20. c3 Kf8 21.
Qd3 Kg7 22. Qf5 Raf8 23. Rad1 Kh8 24. Rd3 Rg6 25. Rf3 Kg7 26. Qd3 Rf6 27. Rxf6
Bxf6 28. f4 Qb6+ 29. Kh1 Qxb2 30. fxg5 hxg5 31. Rb1 Qxc3 32. Qxc3 Bxc3 33. Rxb7
Kf6 34. Rb3 Ra8 35. Rxc3 e6 36. Rf3+ Ke7 37. Bh5 f5 38. dxe6 Kxe6 39. Re3+ Kf6
40. Be2 a5 41. Bc4 Rd8 42. Bd5 Rd7 43. g3 Re7 44. Rxe7 Kxe7 45. Kg2 Kf6 46. Kf3
Ke5 47. Bb3 Kf6 48. Ke3 Ke5 49. Bc2 f4+ 50. gxf4+ gxf4+ 51. Kf3 d5 52. h4 d4
53. Bd3 a4 54. a3 Ke6 55. Kxf4 Kd5 56. Kf5 Kd6 57. Kf6 Kd5 58. h5 1-0

[Event "ZMD Open"]
[Site "Dresden"]
[Date "????.??.??"]
[Round "?"]
[White "Stahr, R."]
[Black "Schnoor, F."]
[Result "0-1"]
[WhiteElo "2079"]
[BlackElo "1748"]
[PlyCount "88"]
[EventDate "2013.??.??"]

1. c4 e6 2. Nc3 d5 3. e4 dxe4 4. Nxe4 c5 5. Nf3 Nc6 6. Be2 Be7 7. O-O Nf6 8.
Ng3 O-O 9. b3 e5 10. Bb2 Qc7 11. a3 Re8 12. Qc2 b6 13. Rfe1 Bb7 14. Qf5 Bd6 15.
Bd3 Ne7 16. Qg5 Ng6 17. Ne4 Be7 18. Qg3 Nxe4 19. Bxe4 Bd6 20. Ng5 Bxe4 21. Nxe4
Rad8 22. h4 Re6 23. Ng5 Re7 24. h5 Nf4 25. h6 f5 26. Bc3 e4 27. Qh4 Be5 28. g3
Ng6 29. Qh3 gxh6 30. Qxh6 Rd3 31. Nxh7 Bxc3 32. dxc3 Rxg3+ 33. fxg3 Qxg3+ 34.
Kf1 Rxh7 35. Re3 Qg4 36. Qxh7+ Kxh7 37. Re2 Ne5 38. Rh2+ Kg6 39. Raa2 Qd1+ 40.
Kg2 Nf3 41. Rh1 Qxb3 42. Rf2 Qxc3 43. Kg3 Ng5+ 44. Kh4 Qh8+ 0-1

[Event "ZMD Open"]
[Site "Dresden"]
[Date "????.??.??"]
[Round "?"]
[White "Barlage, T."]
[Black "Biastoch, B."]
[Result "1-0"]
[WhiteElo "1974"]
[BlackElo "1640"]
[PlyCount "67"]
[EventDate "2013.??.??"]

1. c4 Nf6 2. g3 g6 3. Bg2 Bg7 4. d4 O-O 5. Nf3 d6 6. O-O Nfd7 7. e4 e5 8. Nc3
Nc6 9. Bg5 f6 10. Be3 Kh8 11. Qd2 Ne7 12. Bh6 c6 13. Bxg7+ Kxg7 14. b4 a5 15.
a3 Nb6 16. c5 Nc4 17. Qe2 b5 18. cxd6 Qxd6 19. Rfd1 axb4 20. dxe5 Qe6 21. exf6+
Qxf6 22. e5 Qf7 23. e6 Qf6 24. Ne4 Qb2 25. Qxb2+ Nxb2 26. axb4 Rxa1 27. Rxa1
Bxe6 28. Ne5 Kh6 29. f4 Nc4 30. Ng5 Bd5 31. Ra7 Re8 32. Nxc6 Bxc6 33. Bxc6 Kg7
34. Bxe8 1-0

[Event "ZMD Open"]
[Site "Dresden"]
[Date "????.??.??"]
[Round "?"]
[White "Enache, R."]
[Black "Sturm, F."]
[Result "0-1"]
[WhiteElo "1696"]
[BlackElo "1962"]
[PlyCount "112"]
[EventDate "2013.??.??"]

1. e4 c6 2. d4 d5 3. e5 Bf5 4. Bd3 Bxd3 5. Qxd3 e6 6. Be3 Ne7 7. f4 Nf5 8. Nf3
Nd7 9. O-O c5 10. c3 c4 11. Qe2 Be7 12. Nbd2 Qa5 13. Ne1 b5 14. g4 Nxe3 15.
Qxe3 g6 16. f5 gxf5 17. gxf5 Rg8+ 18. Kh1 Bg5 19. Qg3 O-O-O 20. Qf2 b4 21. cxb4
Qxb4 22. Ndf3 Bh6 23. f6 Rg4 24. h3 Re4 25. Ng2 Rg8 26. Rae1 Rxe1 27. Rxe1 Nb6
28. Re2 Qa4 29. a3 Qb3 30. Kh2 Qd3 31. Nfe1 Qd1 32. Nf3 Kd7 33. Rc2 Qd3 34.
Nfe1 Qe4 35. Re2 Qb1 36. Qh4 Qg6 37. Qf2 Na4 38. Rc2 Rb8 39. Kh1 Rb3 40. Kh2
Qh5 41. h4 Qg4 42. Re2 Rh3+ 43. Kg1 Nxb2 44. Nc2 Nd3 45. Qf1 Bf4 46. Qb1 Bh2+
47. Kh1 Bxe5+ 48. Kg1 Bxd4+ 49. Nce3 Qxe2 50. Qb7+ Kd6 51. Qb8+ Kc6 52. Qe8+
Kb6 53. Qd8+ Kb5 54. a4+ Kxa4 55. Qd7+ Kb3 56. Qb5+ Nb4 0-1

[Event "ZMD Open"]
[Site "Dresden"]
[Date "????.??.??"]
[Round "?"]
[White "Keeve, M."]
[Black "Zienert, R."]
[Result "1/2-1/2"]
[WhiteElo "1932"]
[BlackElo "1845"]
[PlyCount "37"]
[EventDate "2013.??.??"]

1. d4 Nf6 2. c4 g6 3. Nc3 Bg7 4. Nf3 O-O 5. Bg5 h6 6. Bh4 Nh7 7. Bg3 d6 8. e3
Nd7 9. Be2 e5 10. dxe5 Nxe5 11. Qd2 Be6 12. b3 c6 13. Rc1 f5 14. h4 Qe7 15. Nd4
Bd7 16. O-O Bf6 17. Nf3 Rad8 18. Rfd1 Bc8 19. e4 1/2-1/2

[Event "ZMD Open"]
[Site "Dresden"]
[Date "????.??.??"]
[Round "?"]
[White "Wong, G."]
[Black "Schöhl, G."]
[Result "1-0"]
[WhiteElo "1766"]
[BlackElo "1909"]
[PlyCount "67"]
[EventDate "2013.??.??"]

1. e4 c5 2. Nf3 Nc6 3. d4 cxd4 4. Nxd4 Nf6 5. Nc3 e5 6. Ndb5 d6 7. Bg5 a6 8.
Na3 b5 9. Nd5 Be7 10. Bxf6 Bxf6 11. c3 Bg5 12. Nc2 O-O 13. Be2 f5 14. Bf3 Ra7
15. O-O g6 16. a4 Be6 17. Nce3 Raf7 18. axb5 axb5 19. Qd3 Qb8 20. Ra6 Qb7 21.
Rb6 Qa8 22. Qxb5 Bd7 23. Qa6 Qxa6 24. Rxa6 Nd4 25. cxd4 Bb5 26. Raa1 Bxf1 27.
Rxf1 Rc8 28. dxe5 dxe5 29. b4 Kg7 30. g3 h5 31. exf5 Kh6 32. Be4 Bxe3 33. Nxe3
g5 34. Rd1 1-0

[Event "ZMD Open"]
[Site "Dresden"]
[Date "????.??.??"]
[Round "?"]
[White "Klein, G."]
[Black "Herbrig, M."]
[Result "1-0"]
[WhiteElo "1953"]
[BlackElo "1687"]
[PlyCount "63"]
[EventDate "2013.??.??"]

1. Nf3 Nf6 2. c4 c5 3. Nc3 Nc6 4. d4 cxd4 5. Nxd4 d6 6. e4 a6 7. Be2 e6 8. O-O
Be7 9. Kh1 Qc7 10. Be3 Ne5 11. Rc1 b6 12. f4 Nc6 13. Nxc6 Qxc6 14. Bf3 d5 15.
cxd5 Qd7 16. d6 Bd8 17. e5 Nd5 18. Bxd5 exd5 19. Nxd5 Rb8 20. Nc7+ Kf8 21. f5
Bxc7 22. dxc7 Ra8 23. Qxd7 Bxd7 24. Bxb6 Rc8 25. f6 g6 26. Rfd1 Ke8 27. Rd6 h5
28. Rcd1 Kf8 29. Rxd7 Kg8 30. Rd8+ Kh7 31. Rxh8+ Rxh8 32. Rd8 1-0

[Event "ZMD Open"]
[Site "Dresden"]
[Date "????.??.??"]
[Round "?"]
[White "Siegl, D."]
[Black "Reiche, N."]
[Result "1/2-1/2"]
[WhiteElo "1888"]
[BlackElo "1767"]
[PlyCount "105"]
[EventDate "2013.??.??"]

1. e4 e6 2. d4 d5 3. Nd2 c5 4. exd5 exd5 5. dxc5 Bxc5 6. Ngf3 Ne7 7. Bd3 h6 8.
Nb3 Bb6 9. Bf4 O-O 10. O-O Nbc6 11. c3 Bf5 12. Bxf5 Nxf5 13. Qd3 Nh4 14. Nbd4
Nxd4 15. Nxd4 Qf6 16. Bg3 Bxd4 17. Bxh4 Qxh4 18. cxd4 Qe4 19. Qd2 Rac8 20. Rac1
Rc4 21. Rxc4 dxc4 22. f3 Qd5 23. Rd1 Rd8 24. Kf2 a5 25. Qe3 b5 26. Qc3 b4 27.
Qe3 c3 28. bxc3 bxc3 29. Qxc3 Qxa2+ 30. Rd2 Qd5 31. Qc2 Qb5 32. Qd3 Qb4 33. d5
Qc5+ 34. Qd4 Rxd5 35. Qxc5 Rxc5 36. Rd8+ Kh7 37. Ra8 Rc2+ 38. Kg3 Ra2 39. h4 a4
40. h5 a3 41. Ra7 f6 42. Kh3 Ra1 43. Kg4 a2 44. g3 Kg8 45. Kf4 Kf8 46. g4 Kg8
47. Kf5 Kh7 48. Kf4 Kg8 49. Kf5 Kh7 50. f4 Rb1 51. Rxa2 Rb5+ 52. Ke6 Rb6+ 53.
Kf5 1/2-1/2

[Event "ZMD Open"]
[Site "Dresden"]
[Date "????.??.??"]
[Round "?"]
[White "Kießling, A."]
[Black "Renger, N."]
[Result "0-1"]
[WhiteElo "1995"]
[BlackElo "1667"]
[PlyCount "114"]
[EventDate "2013.??.??"]

1. Nf3 d5 2. g3 Nf6 3. Bg2 g6 4. O-O Bg7 5. d3 O-O 6. Nbd2 c5 7. e4 Nc6 8. Re1
e6 9. c3 b6 10. e5 Nd7 11. d4 cxd4 12. cxd4 Qc7 13. a3 a5 14. b3 Ba6 15. Bb2
Rac8 16. Nf1 Na7 17. Rc1 Qb7 18. Qd2 Rfe8 19. h4 Bf8 20. N1h2 Nb5 21. Qf4 Rxc1
22. Rxc1 Rc8 23. Ng4 Rxc1+ 24. Qxc1 Qc8 25. Qf4 Bg7 26. Ng5 Qe8 27. Bf1 Nc7 28.
Nf6+ Bxf6 29. exf6 Qd8 30. Bxa6 Nxa6 31. Qd6 Nab8 32. Qe7 Qxe7 33. fxe7 Nf6 34.
a4 Nc6 35. Ba3 Nxd4 36. Bb2 e5 37. f4 Ne8 38. Bxd4 exd4 39. Nf3 d3 40. Kf2 f6
41. Nd4 Kf7 42. Nc6 Ke6 43. Ke3 Kd7 44. Na7 Nd6 45. Kxd3 Kxe7 46. Kd4 Ke6 47.
g4 h5 48. f5+ gxf5 49. gxh5 f4 50. h6 Nf5+ 51. Kd3 Nxh6 52. Nc8 Ng4 53. Nxb6 f3
54. Kd2 f2 55. Ke2 Kd6 56. Nc8+ Kc5 57. Ne7 d4 0-1

[Event "ZMD Open"]
[Site "Dresden"]
[Date "????.??.??"]
[Round "?"]
[White "Schwarz, H."]
[Black "Vorobiov, I."]
[Result "1-0"]
[WhiteElo "1905"]
[BlackElo "1774"]
[PlyCount "57"]
[EventDate "2013.??.??"]

1. e4 e6 2. Qe2 Be7 3. f4 d5 4. d3 c5 5. Nf3 Nf6 6. g3 Nc6 7. e5 Nd7 8. Bg2
Qa5+ 9. Nbd2 O-O 10. O-O Re8 11. c4 dxc4 12. dxc4 Qc7 13. Ne4 f6 14. exf6 Nxf6
15. Nfg5 h6 16. Nxf6+ Bxf6 17. Qh5 Bd4+ 18. Kh1 Rf8 19. Be4 Ne7 20. Nf3 Nf5 21.
g4 Ne3 22. Bxe3 Bxe3 23. Qg6 Rxf4 24. Nh4 Qf7 25. Qh7+ Kf8 26. Ng6+ Ke8 27.
Nxf4 Qe7 28. Rad1 Qf7 29. Bg6 1-0

[Event "ZMD Open"]
[Site "Dresden"]
[Date "????.??.??"]
[Round "?"]
[White "Richter, S."]
[Black "Felger, K."]
[Result "1/2-1/2"]
[WhiteElo "1843"]
[BlackElo "1901"]
[PlyCount "66"]
[EventDate "2013.??.??"]

1. e4 c5 2. Nf3 d6 3. d4 cxd4 4. Nxd4 Nf6 5. Nc3 a6 6. Bc4 b5 7. Bb3 Bb7 8. Qe2
e5 9. Nf3 Be7 10. Be3 O-O 11. O-O-O Qc8 12. Nd5 Nxd5 13. Bxd5 Nc6 14. Bg5 Bxg5+
15. Nxg5 Nd4 16. Qd3 Bxd5 17. exd5 g6 18. Nf3 Nf5 19. Kb1 Kg7 20. h4 Qc5 21.
Rd2 Rae8 22. Re1 h5 23. Qe4 Nh6 24. Ng5 Ng4 25. Qe2 a5 26. f3 Nh6 27. Ne4 Qb6
28. g4 f6 29. gxh5 gxh5 30. Ng3 f5 31. Nxh5+ Kh7 32. Qg2 Rf7 33. Qg5 Qd8
1/2-1/2

[Event "ZMD Open"]
[Site "Dresden"]
[Date "????.??.??"]
[Round "?"]
[White "Wiewesiek, T."]
[Black "Altstadt, K."]
[Result "1/2-1/2"]
[WhiteElo "1704"]
[BlackElo "1815"]
[PlyCount "39"]
[EventDate "2013.??.??"]

1. e4 c5 2. Nc3 Nc6 3. Bb5 Nd4 4. Bc4 e6 5. Nge2 Nf6 6. O-O a6 7. d3 b5 8. Bb3
Nxb3 9. axb3 d6 10. Nxb5 Bb7 11. Nbc3 Be7 12. f4 O-O 13. Qe1 d5 14. Ng3 Qc7 15.
e5 Nd7 16. Na4 Rac8 17. Bd2 Bc6 18. Ba5 Qb8 19. Qe2 c4 20. dxc4 1/2-1/2

[Event "ZMD Open"]
[Site "Dresden"]
[Date "????.??.??"]
[Round "?"]
[White "Mäder, J."]
[Black "Niemann, S."]
[Result "1/2-1/2"]
[WhiteElo "1855"]
[BlackElo "1760"]
[PlyCount "72"]
[EventDate "2013.??.??"]

1. c4 Nf6 2. g3 g6 3. Bg2 Bg7 4. Nc3 O-O 5. e4 d6 6. Nge2 c6 7. O-O Nbd7 8. d3
e5 9. b4 c5 10. b5 a5 11. h3 Nb6 12. a4 Nh5 13. Be3 Kh8 14. Qd2 f5 15. Bh6 f4
16. Bxg7+ Kxg7 17. g4 Nf6 18. Bf3 Ng8 19. Kg2 Qh4 20. Rh1 Nh6 21. Rag1 Nf7 22.
Nc1 Ng5 23. Qe2 Bd7 24. Nb3 Be6 25. Nd2 Rh8 26. Qd1 h5 27. Qe2 Rh7 28. Nb3 Nd7
29. Qd1 b6 30. Nd5 Bxd5 31. exd5 Nf6 32. Nd2 Rah8 33. Ne4 Nfxe4 34. dxe4 Nxf3
35. Qxf3 Kf6 36. Kf1 g5 1/2-1/2

[Event "ZMD Open"]
[Site "Dresden"]
[Date "????.??.??"]
[Round "?"]
[White "Schamschurko, A."]
[Black "Mühle, H."]
[Result "1/2-1/2"]
[WhiteElo "1703"]
[BlackElo "1927"]
[PlyCount "87"]
[EventDate "2013.??.??"]

1. e4 e5 2. Nf3 Nc6 3. Bc4 Nf6 4. d3 d6 5. c3 a6 6. Bb3 Na5 7. Bc2 c5 8. O-O
Qc7 9. h3 b5 10. Re1 Be7 11. Nbd2 Bb7 12. Nf1 O-O 13. Ng3 Nc6 14. Nf5 Bd8 15.
d4 Ne7 16. dxe5 dxe5 17. N3h4 Ng6 18. Nf3 Ne8 19. a4 Bf6 20. axb5 axb5 21. Rxa8
Bxa8 22. Bg5 Bxg5 23. Nxg5 h6 24. Nf3 Nf6 25. Qd6 Qxd6 26. Nxd6 Bc6 27. c4 b4
28. b3 Rd8 29. Nf5 Kf8 30. g3 Ne8 31. Ra1 Ra8 32. Rxa8 Bxa8 33. Nd2 Ne7 34.
Nxe7 Kxe7 35. f4 Kd6 36. Nf3 f6 37. f5 Nc7 38. Kf2 Bc6 39. Ke3 Be8 40. Nh4 Na6
41. Bd1 Nb8 42. g4 Nc6 43. Ng2 Bf7 44. Kd3 1/2-1/2

[Event "ZMD Open"]
[Site "Dresden"]
[Date "????.??.??"]
[Round "?"]
[White "Schlegel, K."]
[Black "Koenig, J."]
[Result "1-0"]
[WhiteElo "1749"]
[BlackElo "1705"]
[PlyCount "77"]
[EventDate "2013.??.??"]

1. d4 d5 2. c4 e6 3. Nf3 Nf6 4. g3 Be7 5. Bg2 O-O 6. O-O Nbd7 7. Qc2 c6 8. Nbd2
Re8 9. e4 dxe4 10. Nxe4 Nxe4 11. Qxe4 g6 12. c5 Bf6 13. Bf4 Bg7 14. Bd6 Nf6 15.
Qe2 Nd5 16. Qd2 Bf8 17. Bxf8 Rxf8 18. Ne5 Nf6 19. Rfe1 Nd7 20. Rad1 Nxe5 21.
dxe5 Qxd2 22. Rxd2 a5 23. a4 Kg7 24. Red1 f6 25. f4 h6 26. Rd8 g5 27. Rxf8 Kxf8
28. Rd8+ Kg7 29. Kf2 f5 30. g4 fxg4 31. fxg5 hxg5 32. Kg3 Kf7 33. Kxg4 Ke7 34.
Rh8 Rb8 35. Kxg5 Kd7 36. Kf6 Kc7 37. Bh3 b5 38. Bxe6 Bxe6 39. Rxb8 1-0

[Event "ZMD Open"]
[Site "Dresden"]
[Date "????.??.??"]
[Round "?"]
[White "Udet, F."]
[Black "Bregenzer, M."]
[Result "0-1"]
[WhiteElo "1711"]
[BlackElo "1740"]
[PlyCount "28"]
[EventDate "2013.??.??"]

1. e4 e5 2. f4 d5 3. exd5 c6 4. dxc6 Nxc6 5. Bb5 Bc5 6. Qe2 Nge7 7. Nf3 O-O 8.
Nc3 Bg4 9. Bxc6 Nxc6 10. d3 Nd4 11. Qd1 Bxf3 12. gxf3 Qh4+ 13. Kf1 Qh3+ 14. Ke1
Nxf3+ 0-1

[Event "ZMD Open"]
[Site "Dresden"]
[Date "????.??.??"]
[Round "?"]
[White "Kühnast, V."]
[Black "Thuma, H."]
[Result "0-1"]
[WhiteElo "1936"]
[BlackElo "1774"]
[PlyCount "62"]
[EventDate "2013.??.??"]

1. e4 c5 2. Nf3 Nc6 3. Bb5 d6 4. O-O Nf6 5. Re1 Bd7 6. d4 cxd4 7. Nxd4 g6 8. c4
Bg7 9. h3 O-O 10. Be3 Nxe4 11. Nc3 Nxc3 12. bxc3 a6 13. Bxc6 bxc6 14. f4 c5 15.
Ne2 Qc7 16. g4 Bc6 17. Qd3 Bb7 18. Kh2 Qc6 19. Rg1 Qe4 20. Rad1 Qxd3 21. Rxd3
Be4 22. Rd2 Rab8 23. Ng3 Bc6 24. Rc1 Rb7 25. h4 Rfb8 26. h5 Rb2 27. Rcc2 Rxc2
28. Rxc2 Bd7 29. f5 Ba4 30. Bg5 f6 31. Bh4 Kf7 0-1

[Event "ZMD Open"]
[Site "Dresden"]
[Date "????.??.??"]
[Round "?"]
[White "Schneider, M."]
[Black "Priese, A."]
[Result "1/2-1/2"]
[WhiteElo "1700"]
[BlackElo "1678"]
[PlyCount "87"]
[EventDate "2013.??.??"]

1. c4 c6 2. g3 Nf6 3. Bg2 d5 4. Nf3 Bg4 5. O-O Nbd7 6. cxd5 cxd5 7. h3 Bf5 8.
Nc3 e6 9. d3 a6 10. Nh4 Bg6 11. Bg5 Be7 12. Rc1 Rc8 13. Qa4 O-O 14. Nxg6 hxg6
15. d4 Rc4 16. Qb3 Rb4 17. Qc2 Rxd4 18. e4 dxe4 19. Nxe4 Nxe4 20. Bxe7 Qxe7 21.
Bxe4 Nf6 22. Bg2 Rd7 23. Rfd1 Rfd8 24. Rxd7 Rxd7 25. Qc8+ Ne8 26. Qb8 f6 27.
Rc8 Kf7 28. g4 Rd1+ 29. Bf1 Rd2 30. Bc4 Rd7 31. Bb3 Rc7 32. Bxe6+ Qxe6 33.
Rxc7+ Nxc7 34. Qxc7+ Qe7 35. Qxe7+ Kxe7 36. f4 Ke6 37. Kf2 Kd5 38. Ke3 b6 39.
h4 b5 40. b3 a5 41. a3 f5 42. g5 Kc5 43. Kd3 b4 44. a4 1/2-1/2

[Event "ZMD Open"]
[Site "Dresden"]
[Date "????.??.??"]
[Round "?"]
[White "Zalewski, U."]
[Black "Bisse, V."]
[Result "0-1"]
[WhiteElo "1805"]
[BlackElo "1967"]
[PlyCount "86"]
[EventDate "2013.??.??"]

1. e4 c5 2. Nf3 e6 3. d4 cxd4 4. Nxd4 a6 5. Be3 Qc7 6. Be2 Nf6 7. Nd2 d6 8. O-O
Nbd7 9. N4b3 Be7 10. f4 O-O 11. Bf3 Rb8 12. a4 b6 13. c4 Nc5 14. Nxc5 bxc5 15.
b3 Bb7 16. Qc2 Bc6 17. Rae1 Rfe8 18. h3 d5 19. e5 Nd7 20. f5 exf5 21. Qxf5 Qxe5
22. Qd3 Qd6 23. cxd5 Ne5 24. Qxa6 Nxf3+ 25. Nxf3 Qxd5 26. Rd1 Qe4 27. Rfe1 Qg6
28. Qe2 Bd6 29. Qf1 Rxb3 30. Bd2 Rbb8 31. Rxe8+ Rxe8 32. a5 c4 33. a6 Bc5+ 34.
Kh1 Bb5 35. Ra1 Bxa6 36. Bc3 Bc8 37. Ne5 Qe6 38. Ra4 f6 39. Qxc4 Qxc4 40. Nxc4
Be6 41. Nb2 Rc8 42. Bd4 Bf8 43. Nd1 Bb3 0-1

[Event "ZMD Open"]
[Site "Dresden"]
[Date "????.??.??"]
[Round "?"]
[White "Heber, M."]
[Black "Mishin, F."]
[Result "0-1"]
[WhiteElo "1634"]
[BlackElo "1801"]
[PlyCount "70"]
[EventDate "2013.??.??"]

1. e4 e5 2. Nf3 Nc6 3. Bb5 d6 4. d4 exd4 5. Nxd4 Bd7 6. Nc3 Nf6 7. O-O Be7 8.
Re1 O-O 9. Bf4 Nxd4 10. Qxd4 c6 11. Bc4 b5 12. Bf1 Be6 13. Rad1 c5 14. Qd2 b4
15. Nd5 Nxd5 16. exd5 Bf5 17. Bb5 Bf6 18. Rb1 a5 19. Bd3 Bxd3 20. Qxd3 Qd7 21.
Qg3 Rad8 22. c3 Rfe8 23. Rxe8+ Rxe8 24. Bxd6 Qf5 25. Rd1 Qxd5 26. Qf3 Qxf3 27.
gxf3 Rd8 28. Re1 bxc3 29. bxc3 Bxc3 30. Re4 f5 31. Rc4 Bb4 32. Bc7 Rd4 33. Rc2
c4 34. Kf1 Rd1+ 35. Ke2 Re1# 0-1

[Event "ZMD Open"]
[Site "Dresden"]
[Date "????.??.??"]
[Round "?"]
[White "Kanibalotzka, E."]
[Black "Kretschmer, W."]
[Result "0-1"]
[WhiteElo "1822"]
[BlackElo "1597"]
[PlyCount "130"]
[EventDate "2013.??.??"]

1. c4 Nf6 2. Nc3 g6 3. g3 Bg7 4. Bg2 O-O 5. e3 d6 6. Nge2 Nc6 7. d4 e5 8. O-O
a6 9. a3 Re8 10. f3 Rb8 11. Rb1 b5 12. cxb5 axb5 13. b4 exd4 14. exd4 Ne7 15.
Ne4 Be6 16. Bg5 Nxe4 17. fxe4 Bc4 18. Re1 Qd7 19. Be3 Nd5 20. exd5 Rxe3 21. Qd2
Rbe8 22. Nf4 Qe7 23. Rxe3 Qxe3+ 24. Qxe3 Rxe3 25. Kh1 Bxd4 26. Bf1 Rxa3 27.
Bxc4 bxc4 28. Ng2 Ra1 29. Rxa1 Bxa1 30. Ne3 c3 31. Kg2 Kg7 32. Kf3 Bb2 33. Ke4
Bc1 34. Nc2 f5+ 35. Kd3 Bb2 36. Nd4 Kf6 37. Nb5 g5 38. Nxc7 f4 39. gxf4 gxf4
40. Nb5 f3 41. Nd4 f2 42. Ke2 f1=Q+ 43. Kxf1 Ke5 44. Nc2 Kxd5 45. Ke2 Kc4 46.
Ke3 Bc1+ 47. Ke2 d5 48. b5 Bf4 49. h3 Kxb5 50. Kd3 Be5 51. Ne3 d4 52. Nc2 Kc5
53. Ke4 Bg7 54. Kd3 Kd5 55. Ne1 Ke5 56. Ng2 Bf6 57. Kc2 Ke4 58. Ne1 Ke3 59.
Ng2+ Kf3 60. Ne1+ Kg3 61. Kd3 Kxh3 62. Ke4 Kg4 63. Nc2 h5 64. Ne1 h4 65. Kd3 h3
0-1

[Event "ZMD Open"]
[Site "Dresden"]
[Date "????.??.??"]
[Round "?"]
[White "Wunderlich, M."]
[Black "Sorge, D."]
[Result "1/2-1/2"]
[WhiteElo "1785"]
[BlackElo "1437"]
[PlyCount "82"]
[EventDate "2013.??.??"]

1. Nc3 d5 2. e4 c6 3. Nf3 dxe4 4. Nxe4 Nf6 5. Qe2 Nxe4 6. Qxe4 Qd5 7. Qe3 Qe6
8. d4 Qxe3+ 9. Bxe3 Bf5 10. O-O-O e6 11. Nh4 Bg6 12. Nxg6 hxg6 13. g3 Nd7 14.
Bg2 Nf6 15. h3 Nd5 16. Rhe1 Nb6 17. f4 O-O-O 18. Rd3 Kb8 19. Bd2 Rh5 20. Re5
Nc4 21. Re2 Nxd2 22. Rexd2 Be7 23. Rb3 Rb5 24. Rxb5 cxb5 25. c3 Bf6 26. Re2 b4
27. Kc2 bxc3 28. bxc3 Rc8 29. Kd3 b6 30. a4 Kc7 31. Rb2 Rb8 32. Ke4 Be7 33. Bf1
Kd6 34. a5 f5+ 35. Kd3 Kc7 36. axb6+ axb6 37. Rb5 g5 38. fxg5 Bxg5 39. Ke2 Bf6
40. Kd3 g5 41. Rb2 Kd6 1/2-1/2